00685nam a22001937a 4500008004100000020001500041040001800056041000800074100001900082245004800101260004400149300002100193490003800214504005300252650004300305650005600348651004300404651004400447130821s1995 enk gr eng  a0745307140 aCo-BoUCMbspa00aeng1 aFoweraker, Joe10aTheorizing social movementscJoe Foweraker. aLondres (Inglaterra)bPluto Pressc1995 ax, 145 páginas 0aCritical studies on Latin America aIncluye bibliografía (p. [124]-141) e índice04aMovimientos socialeszAmérica Latina04aMovimientos socialeszAmérica LatinaxFilosofía aAmérica LatinaxCondiciones sociales aAmérica LatinaxPolítica y gobierno